Intertextualita

Bibliographic Details
Main Author: Hoffmannová, Jana (Author)
Format: Article
Language:Slovak
Czech
ISSN:0231-6714
Subjects:

MARC

LEADER 00000nab a2200000 a 4500
001 vtls000632919
003 SK-MaSNL
005 20260304094959.0
008 250425c1997 xo 0 slo
015 |a SNBRB19rr/mm-uuuuu 
035 |a CL0633058 
035 |a urn:nbn:sk:snk-abbr2p 
035 |a (urnnbn)urn:nbn:sk:snk:ar-0000t7 
035 |a (uuid)50d02b30-2198-4295-8110-456076324d02 
040 |a SNKBUCL  |b slo  |c SNKBUCL  |e AACR2 
041 0 |a cze 
044 |a xo  |c SK 
080 |a 82.0  |2 1981 
080 |a 801.68  |2 1981 
100 1 |a Hoffmannová, Jana  |4 aut  |9 473258 
245 1 0 |a Intertextualita  |c Jana Hoffmannová 
650 0 7 |a text umelecký  |2 snkbucl  |9 292422 
650 0 7 |a intertextualita  |2 snkbucl  |9 71406 
650 0 7 |a štylistika  |2 snkbucl  |9 870 
655 7 |a články z novín a časopisov  |2 snkbucl  |9 267496 
773 0 |t Romboid  |g Roč. 32, č. 2-3 (1997), s. 14-20  |x 0231-6714 
850 |a Slovenská národná knižnica 
852 |a Slovenská národná knižnica 
958 |a article15 
958 |a LX 
958 |a CZ 
958 |a RK 
958 |a OND 
958 |a EUIPO 
992 |a RBX 
999 |c 2830044  |d 2831974